Statistics for Countries closest to Finland

Click here to take the quiz!

General Stats

  • This quiz has been taken 34 times
  • The average score is 14 of 15

Answer Stats

kmAnswer% Correct
800Denmark
100%
87Estonia
100%
300Latvia
100%
0Norway
100%
0Russia
100%
0Sweden
100%
1066Germany
97%
500Lithuania
97%
750Poland
97%
1200Ukraine
97%
690Belarus
90%
1290Czech
90%
1430Netherlands
84%
1300Slovakia
84%
1390Hungary
74%

Score Distribution

Percentile by Number Answered

Percent of People with Each Score

Your Score History

You have not taken this quiz